000 00422nam a2200121Ia 4500
008 171212s9999 xx 000 0 und d
020 _a9780833044563
100 _aPerry, Walter L.;Gordon, John IV
245 _cPerry, Walter L.;Gordon, John IV
_aAnalytic Support to Intelligence in Counterinsurgencies
260 _bRAND Corporation
_c2008
650 _aPolitical Science
856 _uwww.jstor.org/stable/10.7249/mg682osd
999 _c351739
_d351739